01017nam a2200313 a 450000100060000000300100000600500170001600700030003300800410003602000150007704000120009204100080010404300120011208200290012410000430015324000440019624500560024025000180029630000220031433600270033633700330036333800280039650000640042465000380048894200120052694900130053899900170055195201350056860421CO-BoRNBP20260205204609.0ta871127s1987 ck r 00011 spa d a9586142000 ala cla0 aspa as-ck---04aCo863.6 bC78c1 219 ed.1 aCruz Kronfly, Fernando, d1943-93925202aValle del Cauca-Bibliografía regional13aLa ceniza del Libertador / cFernando Cruz Kronfly. a1a. edición a341 p. ; c22 cm. 2rdacontentatextobtxt 2rdamediaasin mediaciónbn 2rdacarrieravolumenbnc aLibro reseñado en : Boletín cultural y bibliográfico. 7aNovela colombiana.2BLAAUTO91193 2ddccBK ac bc c60421d60421 00102ddc40708GENaMELEJANIbMELEJANIcGENd2026-02-05l0oCo863.6 C78c1 pLEJ02214r2026-02-05 20:46:42tEj.1w2026-02-05yBK